Las Figuras del "Quijote" (Record no. 174060)

MARC details
000 -LEADER
campo de control de longitud fija 00846namaa22001691 4500
001 - NÚMERO DE CONTROL
campo de control 174060
003 - IDENTIFICADOR DE NÚMERO DE CONTROL
campo de control ES-MaACL
005 - FECHA Y HORA DE LA ÚLTIMA TRANSACCIÓN
campo de control 20230906215427.0
008 - DATOS DE LONGITUD FIJA--INFORMACIÓN GENERAL
campo de control de longitud fija 100210s1910 sp |||| | spa d
100 1# - ENTRADA PRINCIPAL--NOMBRE DE PERSONA
Nombre de persona Fernández-Shaw, Carlos,
Fechas asociadas al nombre 1865-1911
9 (RLIN) 50098
245 14 - MENCIÓN DEL TÍTULO
Título Las Figuras del "Quijote"
Resto del título : comedia en dos actos y en verso /
Mención de responsabilidad, etc. de Carlos Fernández Shaw basada en la comedia lírica del mismo autor La Venta de Don Quijote.
260 ## - PUBLICACIÓN, DISTRIBUCIÓN, ETC.
Lugar de publicación, distribución, etc. Madrid :
Nombre del editor, distribuidor, etc. Sociedad de Autores Españoles,
Fecha de publicación, distribución, etc. 1910 (
Fabricante R. Velasco)
300 ## - DESCRIPCIÓN FÍSICA
Extensión 85, [8] p. ;
Dimensiones 19 cm.
500 ## - NOTA GENERAL
Nota general En port.: Teatro Lara - 3 de marzo de 1910.
852 ## - LOCALIZACIÓN
Ubicación ES-MaACL
Número de control de estantería F-8649(5)
Nota libre .- Enc. hol. conservando la cub. original
-- .- Enc. en un vol. facticio formando parte de la col. facticia "Teatro español moderno" v. 108
-- .- Dedicatoria autógrafa del autor
Holdings
Estatus retirado Estado de pérdida Estado de daño No para préstamo Biblioteca de origen Biblioteca actual Ubicación en estantería Fecha de adquisición Fuente de adquisición Total de préstamos Signatura topográfica completa Código de barras Visto por última vez Precio de reemplazo Tipo de ítem Koha
        Biblioteca del Ateneo de Madrid Biblioteca del Ateneo de Madrid Sala Pecera Planta 2 10/02/2010     F-8649(5) 1182709 23/02/2023 23/02/2023 Libro impreso